000
00218nam a2200085 4500
001
1236201
005
20251001145107.0
245
_a
KARA DELİK BİR DELİK DEĞİLDİR
_c
CAROLYN CİNAMİ DECRİSTOFANO
260
_b
TÜBİTAK
999
_c
1236201
_d
1236201